000 00427nam a22001577a 4500
999 _c12422
_d12422
008 210201b ||||| |||| 00| 0 eng d
082 0 0 _a621.38413
_bC2777
100 _94487
_aCaringella, Charles
245 1 0 _aAmateur radio mobile handbook
_cby Charles Caringella
250 _a1st ed.
260 _aSlough
_bW. Foulsham & Co.
_c1967
300 _a136p.
365 _d21.60
650 0 _aMobile Radio Station
942 _cBK